000 00680nam a2200217Ia 4500
003 GCL
008 140319s9999 xx 000 0 ara d
020 _a197358977
040 _aGCL /
_cGCL
082 0 4 _a810.9964
_bع ف
100 1 _aفتحى حسن المصرى
245 1 0 _aفى الادب المغربى المعاصر /
_cفتحى حسن المصرى
700 1 _aعبدالحميد يونس
260 _aالقاهرة :
_bدار المعارف ،
_c1984
300 _a179 ص ؛
_c24 سم
490 _aمكتبة الدراسات الادبية
_v84
650 0 4 _aالادب العربى
650 0 4 _aالمغرب
650 0 4 _aالشعر
942 _2ddc
_cBK
999 _c53347
_d53347